| 000 | 00692nam a2200265Ia 4500 | ||
|---|---|---|---|
| 008 | 170712s9999 xx 000 0 und d | ||
| 020 | _a9710870181 | ||
| 050 | _a336.27 | ||
| 050 | _bD912 2011 | ||
| 100 | _aDuncano, Danilo A. | ||
| 245 | _aBIR issuances : | ||
| 245 | _bexempt transactions & complance requirements / | ||
| 245 | _cby Danilo A. Duncano. | ||
| 260 | _aPhilippines : | ||
| 260 | _bNational Book Store, | ||
| 260 | _c2011 | ||
| 300 | _a364 pages : | ||
| 300 | _billustrations ; | ||
| 300 | _c22cm. | ||
| 650 | _aTaxation -- | ||
| 650 | _aTitle. | ||
| 650 | _aValue-added tax -- | ||
| 650 | _xLaw and legislation -- Philippines. | ||
| 650 | _xPhilippines. | ||
| 999 |
_c340426 _d340426 |
||